书目信息 |
| 题名: |
米兰家具SHOW
|
|
| 作者: | ;香港科讯国际出版有限公司 编 | |
| 分册: | ||
| 出版信息: | 大连 大连理工大学出版社 2009.01 |
|
| 页数: | 287页 | |
| 开本: | 32cm | |
| 丛书名: | ||
| 单 册: | ||
| 中图分类: | TS664.01 | |
| 科图分类: | ||
| 主题词: | 木制品 | |
| 电子资源: | ||
| ISBN: | 7561145942 | |
| 000 | 00731nam0 2200217 45 | |
| 001 | 1030391702 | |
| 005 | 20101214082817.20 | |
| 010 | @a7561145942@dCNY275.00 | |
| 092 | @aCN@bDY:DYJZ | |
| 100 | @a20101116d2009 ekmy0 y0120 ea | |
| 102 | @aCN@b130000 | |
| 105 | @ay z 000yy | |
| 200 | 1 | @a米兰家具SHOW@f香港科讯国际出版有限公司编@Fxiang gang ke xun guo ji chu ban you xian gong si bian |
| 210 | @a大连@c大连理工大学出版社@d2009.01 | |
| 215 | @a287页@d32cm | |
| 606 | 0 | @a木制品 |
| 690 | @aTS664.01@v4 | |
| 711 | 02 | @a香港科讯国际出版有限公司@Axiang gang ke xun guo ji chu ban you xian gong si@4编 |
| 801 | 0 | @aCN@b安徽儒林@c20101214 |
| 905 | @a10447@dTS664.01@eX261 | |
| 906 | @b河南城建学院图书馆@n3@r1@cDY:DYJZ@dCNY275.00 | |
| 米兰家具SHOW/香港科讯国际出版有限公司编.-大连:大连理工大学出版社,2009.01 |
| 287页;32cm |
| ISBN 7561145942:CNY275.00 |
| ● |
| 相关链接 |
|
|
|
正题名:米兰家具SHOW
索取号:TS664.01/X261
 
预约/预借
| 序号 | 登录号 | 条形码 | 馆藏地/架位号 | 状态 | 备注 |
| 1 | 825281 | 208252816 | 自科库501/501自科库 42排7列3层/ [索取号:TS664.01/X261] | 在馆 | |
| 2 | 825282 | 208252825 | 自科二线400A/400A自科库 35排2列5层/ [索取号:TS664.01/X261] | 在馆 | |
| 3 | 825283 | 208252834 | 自科二线400A/400A自科库 26排2列1层/ [索取号:TS664.01/X261] | 在馆 |